Detalles MARC
| 000 -LIDER |
| fixed length control field |
01451nam a22002417a 4500 |
| 003 - IDENTIFICACDOR DE NÚMERO DE CONTROL |
| control field |
DO-SdBNP |
| 005 - DATE AND TIME OF LATEST TRANSACTION |
| control field |
20180403103751.0 |
| 008 - ELEMENTOS DE LONGITUD FIJA |
| fixed length control field |
160411b dr||||| |||| 00| 0 spa d |
| 040 ## - FUENTE DE CATALOGACIÓN |
| Agencia que crea de manera original el registro |
BPMSU |
| Idioma de catalogación |
spa |
| Agencia que realiza la transcripción |
BPMSU |
| 092 ## - LOCALLY ASSIGNED DEWEY DECIMAL CALL NUMBER |
| Número de clasificación |
372.7 |
| Número de ítem (Cutter) |
N964m, [200-?] |
| 245 ## - MENCIÓN DE TITULO |
| Título |
Nueva matemática : |
| Subtítulo |
[educación básica] |
| 260 ## - PUBLICACIÓN, DISTRIBUCIÓN, ETC. (PIE DE IMPRENTA) |
| Lugar de publicación, distribución, etc |
Santo Domingo : |
| Nombre del editor, distribuidor, etc. |
Mundilibro, |
| Fecha de publicación, distribución, etc |
[20--?] |
| 300 ## - DESCRIPCIÓN FÍSICA |
| Extensión |
206 p. : |
| Otros detalles físicos |
il. : |
| Dimensiones |
24 cm |
| 505 ## - NOTA DE CONTENIDO |
| Información miscelánea |
capitulo 1. |
| Título |
adició y sustración |
| Información miscelánea |
capitulo 2 |
| Título |
multiplicación y división |
| Información miscelánea |
capitulo 3 |
| Título |
pontencias y raices cuadradas de números naturales |
| Información miscelánea |
capitulo 4 |
| Título |
números fraccionarios adición y sustracción |
| Información miscelánea |
capitulo 5 |
| Título |
números fraccionarios multiplicación y división |
| Información miscelánea |
capitulo 6 |
| Título |
números decimales y operaciones con números decimales |
| Información miscelánea |
capitulo 7 |
| Título |
porcentajes |
| Información miscelánea |
capitulo 8 |
| Título |
proporcionalidad y sus aplicaciones |
| Información miscelánea |
capitulo 9 |
| Título |
dibujos a escala |
| Información miscelánea |
capitulo 10 |
| Título |
estadistica descriptiva |
| Información miscelánea |
capitulo 11 |
| Título |
sistema de medidas reducciones |
| Información miscelánea |
capitulo 12 |
| Título |
números denominados |
| Información miscelánea |
capitulo 13 |
| Título |
poligonos medidas |
| Información miscelánea |
capitulo 14 |
| Título |
medidas de superficie areas de poligonos |
| Información miscelánea |
capitulo 15 |
| Título |
medidas de volumen mediciones de cuerpos |
| 650 ## - ENCABEZAMIENTO DE MATERIA--TEMÁTICO |
| Término temático o nombre geográfico como elemento de entrada |
MATEMÁTICAS |
| Subdivisión temática general |
ENSEÑANZA BÁSICA |
| 650 ## - ENCABEZAMIENTO DE MATERIA--TEMÁTICO |
| Término temático o nombre geográfico como elemento de entrada |
MATEMÁTICAS |
| Subdivisión temática general |
ENSEÑANZA ELEMENTAL |
| 650 ## - ENCABEZAMIENTO DE MATERIA--TEMÁTICO |
| Término temático o nombre geográfico como elemento de entrada |
EDUCACIÓN PRIMARIA |
| Subdivisión geográfica |
REPÚBLICA DOMINICANA |
| 650 ## - ENCABEZAMIENTO DE MATERIA--TEMÁTICO |
| Término temático o nombre geográfico como elemento de entrada |
MATEMÁTICAS |
| Subdivisión temática general |
ESTUDIOS Y EJERCICIOS |
| 910 ## - VALIDACIÓN |
| Validación |
Validado. Control de calidad MFF |
| 942 ## - ADDED ENTRY ELEMENTS (KOHA) |
| Source of classification or shelving scheme |
Dewey Decimal Classification |
| Koha item type |
Libros |
| 945 ## - INFORMACIÓN DE PROCESAMIENTO LOCAL |
| Información de procesamiento local |
Inventariado, 2018 / BT |
| 956 ## - LOCAL ELECTRONIC LOCATION AND ACCESS (OCLC) |
| Nombre de host |
daysi garcia |